000
00230nam a22000857a 4500
008
160718b xxu||||| |||| 00| 0 eng d
100
_9
2994
_a
Chhibber, S.N., et al
245
_a
Textbook of Mathematics
260
_a
New Delhi
_b
Arya
_c
2007
999
_c
2557
_d
2557